00758nam a2200193 a 450000100100000000500170001000800410002704000250006808200160009310000350010924500370014426000320018130000210021349000250023459000750025965000260033495201870036099900170054700003472720200930073851.0111019s1964 fr 000 0 spa d aDO-SdBNPbspacBNPHU a843.8bZ8611 aZola, Émiled1840-19029360513aLa bete Humaine /cÉmile Zola. aParis :bFasquelle.,c1964. a435 p. ;c18 cm.1 aLe livre de pochev7 aPerteneció a la biblioteca personal de Juan Isidro Jimenes Grullón 4aNovela francesa91075 001050718MOaGRbGRcHDd2011-10-19iLF1l0o843.8 Z861p34727-10r2020-06-25w2020-06-25y1zPerteneció a la biblioteca personal de Juan Isidro Jimenes Grullón.ZNo se presta c34218d34218